European City by top TripAdvisor Attraction Quiz Stats

 Plays Quiz not verified by Sporcle

Challenge
Share
Tweet
Embed
Score 0/20 Timer 06:00
1 Play Today
Attractions City % Correct
British Museum, National Gallery, Victoria and Albert MuseumLondon
98.9%
Colosseum, Pantheon, Centro StoricoRome
97.8%
Musee d'Orsay, Eiffel Tower, Musee du LourveParis
96.6%
The Acropolis Museum, Acropolis, ParthenonAthens
95.5%
Rijksmuseum, Van Gogh Museum, Anne Frank HouseAmsterdam
94.4%
Reichstag, Brandenberg Gate, Pergamon MuseumBerlin
94.4%
State Tretyakov Museum, Red Square, St Basil's CathedralMoscow
94.4%
Hagia Sophia, Historic Areas of (City), Basilica CisternIstanbul
91%
Basilica of the Sagrada Familia, Casa Batllo, Palau del Musico Orfeo CatalaniaBarcelona
89.9%
Grand Canal, Doge's Palace, St Mark's BasilicaVenice
88.8%
Attractions City % Correct
Piazalle Michelangelo, Piazza del Signoria, Duomo - Santa Maria Del FioreFlorence
88.8%
English Garden, Marienplatz, BMW MuseumMunich
88.8%
Kilmainham Gaol, Glasnevin Cemetery Museum, St Stephen's GreenDublin
83.1%
Old Town, Charles Bridge, Old Town SquarePrague
82%
Museuo Nacional del Prado, Retiro Park, Thyssen-Bornemisza MuseumMadrid
80.9%
Kunsthistoriches Museum, Historic Center of (City), Shoenbrunn PalaceVienna
80.9%
Nyhavn, Tivoli Gardens, Church of our SaviorCopenhagen
77.5%
Lazienki Park, Old Town, (City) Uprising Museum Warsaw
66.3%
Grand-Place, Hotel de Ville, Cathedral St-Michel et Ste-GuduleBrussels
65.2%
Parliament, Fisherman's Bastion, St Stephen's BasilicaBudapest
53.9%

You're not logged in!

Compare scores with friends on all Sporcle quizzes.
Join for Free
OR
Log In

You Might Also Like...

Show Comments

Extras

Top Quizzes Today


Score Distribution

Your Account Isn't Verified!

In order to create a playlist on Sporcle, you need to verify the email address you used during registration. Go to your Sporcle Settings to finish the process.

Report this User

Report this user for behavior that violates our Community Guidelines.

Details: